000 00969cam a22002771 4500
001 sa 68012180
003 DLC
005 20260227112607.0
008 711115s1959 ii 100 0 eng
010 _asa 68012180
025 _aPL480:I-E-7776
040 _aDLC
_cDLC
_dDLC
043 _aa-ii---
050 0 0 _aHD1491.I39
_bS38 1958
111 2 _aSeminar on Co-operative Farming,
_cPoona,
_d1958.
245 0 0 _aSeminar on Co-operative Farming.
260 _aBombay,
_bIndian Society of Agricultural Economics
_c[1959]
300 _axiii, 132 p.
_c25 cm.
350 _aRs6
490 1 _aIndian Society of Agricultural Economics. Seminar series,
_v2
500 _aOrganized by the Indian Society of Agricultural Economics.
650 0 _aAgriculture, Cooperative
_zIndia
_xCongresses.
650 0 _aFarm management
_xCongresses.
710 2 _aIndian Society of Agricultural Economics.
830 0 _aSeminar series (Indian Society of Agricultural Economics) ;
_v2.
999 _c84360
_d84360